Pensar sobre los medios : comunicación y crítica social /

Guardado en:
Bibliografiske detaljer
Hovedforfatter: Mattelart, Armand
Andre forfattere: Mattelart, Michele
Format: Ukendt
Sprog:Spanish
Udgivet: Costa Rica : Editorial Departamento Ecuménico de Investigaciones, DEI
Udgivelse:edición
Serier:Colección Análisis
Fag:
Tags: Tilføj Tag
Ingen Tags, Vær først til at tagge denne postø!

MARC

LEADER 00000 a2200000 04500
001 48272
003 cru CIDCACS/IIS
005 20190425101714.0
008 050608s19861988cr # spa d
999 |c 2457  |d 2457 
020 |a 84-86094-30-5  
022 |a 84-86094-30-5  
040 |c cru CIDCACS/IIS 
090 |a 08.16.01 M435p 
100 |a Mattelart, Armand  
245 |a Pensar sobre los medios : comunicación y crítica social /   |c Armand Mattelart y Michele Mattelart  
250 |a edición  
260 |a Costa Rica :   |b Editorial Departamento Ecuménico de Investigaciones, DEI  
300 |a 226 páginas   |b Sin ilust.  
440 |a Colección Análisis  
500 |a Colección CODEHUCA  
650 |a COMUNICACION  
650 |2 Macrothesauro de la OCDE/  
650 |a TRANSDISCIPLINARIDAD  
650 |2 Listado unificado CLACSO/  
650 |a TEORIA DE LA INFORMACION  
650 |2 Macrothesauro de la OCDE/  
650 |a INTELECTUALES  
650 |2 Macrothesauro de la OCDE/  
650 |a DIALECTICA  
650 |2 Macrothesauro de la UNA/  
650 |a ESTADO  
650 |2 Macrothesauro de la OCDE/  
650 |a MEDIOS DE COMUNICACION  
650 |2 Macrothesauro de la OCDE/  
650 |a SOCIEDAD DE LA INFORMACION  
650 |2 Macrothesauro de la OCDE/  
700 |a Mattelart, Michele  
942 |2 ddc  |c LI